ACIS : a tool for asynchronous collaborative information sharing /
Saved in:
| Main Author: | |
|---|---|
| Format: | Thesis Book |
| Language: | English |
| Published: |
2003.
|
| Subjects: | |
| Online Access: | http://studentsrepo.um.edu.my/id/eprint/2445 |
| Tags: |
Add Tag
No Tags, Be the first to tag this record!
|
| LEADER | 01195cam a2200277 a 4500 | ||
|---|---|---|---|
| 001 | u519247 | ||
| 003 | SIRSI | ||
| 008 | 990618s2003 my t 00 10 eng m | ||
| 035 | |a ACZ-9058 | ||
| 040 | |a UMM | ||
| 090 | |a QA76 |b UM 2003 Hadi | ||
| 100 | 0 | 0 | |a Hadzariah Ismail. |
| 245 | 1 | 0 | |a ACIS : |b a tool for asynchronous collaborative information sharing / |c Hadzariah Ismail. |
| 260 | |c 2003. | ||
| 300 | |a ix, 76, [37] leaves : |b ill. ; |c 30 cm. | ||
| 502 | |a Dissertation (M.Softw.Eng.) -- Fakulti Sains Komputer dan Teknologi Maklumat, Universiti Malaya, 2003. | ||
| 504 | |a Bibliography: leaves [1-6]. | ||
| 650 | 0 | |a Groupware (Computer software) | |
| 650 | 0 | |a Group work in education |x Data processing. | |
| 710 | 2 | 0 | |a Universiti Malaya. |b Fakulti Sains Komputer dan Teknologi Maklumat. |
| 856 | |a RC:A511970657 |z Click Here for Abstract and Table of Contents | ||
| 856 | 4 | 1 | |u http://studentsrepo.um.edu.my/id/eprint/2445 |
| 948 | |a 16/12/2003 |b 10/08/2004 | ||
| 596 | |a 1 16 | ||
| 999 | |a QA76 UM 2003 HADI |w LC |c 1 |i A511212314 |d 12/7/2009 |e 12/7/2009 |l STACKS |m P01UTAMA |n 12 |r Y |s Y |t TESIS |u 13/7/2004 | ||
| 999 | |a QA76 UM 2003 HADI |w LC |c 1 |i A511275908 |d 5/5/2005 |f 5/5/2005 |g 1 |l STACKS |m P16SKTM |r Y |s Y |t TESIS |u 5/5/2005 | ||
